<?xml version="1.0" encoding="UTF-8"?><?xml-stylesheet type="text/xsl" href="static/style.xsl"?><OAI-PMH xmlns="http://www.openarchives.org/OAI/2.0/" xmlns:xsi="http://www.w3.org/2001/XMLSchema-instance" xsi:schemaLocation="http://www.openarchives.org/OAI/2.0/ http://www.openarchives.org/OAI/2.0/OAI-PMH.xsd"><responseDate>2026-04-13T15:08:07Z</responseDate><request verb="GetRecord" identifier="oai:www.recercat.cat:2072/291031" metadataPrefix="marc">https://recercat.cat/oai/request</request><GetRecord><record><header><identifier>oai:recercat.cat:2072/291031</identifier><datestamp>2025-03-11T16:33:50Z</datestamp><setSpec>com_2072_220028</setSpec><setSpec>com_2072_4427</setSpec><setSpec>col_2072_220407</setSpec></header><metadata><record xmlns="http://www.loc.gov/MARC21/slim" xmlns:dcterms="http://purl.org/dc/terms/" xmlns:xsi="http://www.w3.org/2001/XMLSchema-instance" xmlns:doc="http://www.lyncode.com/xoai" xsi:schemaLocation="http://www.loc.gov/MARC21/slim http://www.loc.gov/standards/marcxml/schema/MARC21slim.xsd">
   <leader>00925njm 22002777a 4500</leader>
   <datafield ind2=" " ind1=" " tag="042">
      <subfield code="a">dc</subfield>
   </datafield>
   <datafield ind2=" " ind1=" " tag="720">
      <subfield code="a">Mateos, Pedro (Mateos Cruz)</subfield>
      <subfield code="e">author</subfield>
   </datafield>
   <datafield ind2=" " ind1=" " tag="720">
      <subfield code="a">Soler Huertas, Begoña</subfield>
      <subfield code="e">author</subfield>
   </datafield>
   <datafield ind2=" " ind1=" " tag="260">
      <subfield code="c">2015</subfield>
   </datafield>
   <datafield ind2=" " ind1=" " tag="520">
      <subfield code="a">En el brazo norte de la porticus post scaenam del teatro y dispuesto en el eje de simetría del conjunto de edificaciones que conforman el espacio ajardinado, se articula una estancia de planta rectangular que ha sido vinculado a la celebración del culto imperial. Poco sabíamos sobre la configuración arquitectónica y proceso evolutivo de este ambiente, caracterizado por la calidad&#xd;
de sus acabados decorativos, en especial por la presencia de un pavimento en opus sectile. El desarrollo de nuevos trabajos centrados en su arquitectura y en el análisis compositivo del pavimento ha revelado una secuencia evolutiva mucho más compleja, que obliga a replantear algunas de sus características definitorias, así como la cronología tradicionalmente otorgada al revestimiento.</subfield>
   </datafield>
   <datafield ind1="8" ind2=" " tag="024">
      <subfield code="a">Mateos, P.; Soler, B. (2015). "El aula sacra del teatro de Mérida. Nuevas consideraciones sobre su concepción arquitectónica y la cronología de su pavimento marmóreo" a López Vilar, J. (ed.), Tarraco Biennal Actes 2on Congrés Internacional d'Arqueologia i Món Antic. August i les províncies occidentals. 2000 aniversari de la mort d'August (Tarragona, del 26 al 29 de novembre), p. 111-118.</subfield>
   </datafield>
   <datafield ind1="8" ind2=" " tag="024">
      <subfield code="a">http://hdl.handle.net/2072/291031</subfield>
   </datafield>
   <datafield ind2="0" ind1="0" tag="245">
      <subfield code="a">El aula sacra del teatro de Mérida. Nuevas consideraciones sobre su concepción arquitectónica y la cronología de su pavimento marmóreo</subfield>
   </datafield>
</record></metadata></record></GetRecord></OAI-PMH>